| 000 | 00926cab a2200229 4500 | ||
|---|---|---|---|
| 001 | X3832 | ||
| 008 | 090401t1996 xxu||||| |||| 00| 0 eng d | ||
| 035 | _a(Sirsi) u33237 | ||
| 041 | _aeng | ||
| 245 | _aGardner v Marsh & Parsons and another | ||
| 260 | _c1996 | ||
| 350 | _a0 | ||
| 490 |
_aNew Property Cases _v[1996] NPC 162, (2) |
||
| 520 | _aCA 13 November 1996. A surveyor is held liable for an act of negligence in a survey prior to purchase. Damages are the difference between the price paid and the value with the defect. Subsequent repair to the property by the vendor under contract is not, on the facts, to be credited to the defendants. Taken from article heading. NOT TO BE PHOTOCOPIED | ||
| 650 | _aDAMAGES | ||
| 650 | _aDEFECTS | ||
| 650 | _aGARDNER V MARSH & PARSONS AND ANOTHER | ||
| 650 | _aNEGLIGENT VALUATIONS | ||
| 690 | _aPROFESSIONAL PRACTICE-CASE LAW | ||
| 942 | _n0 | ||
| 948 | _c04/03/1997 | ||
| 999 |
_c22215 _d22215 |
||